000 00567nam a2200121Ia 4500
008 220620s9999||||xx |||||||||||||| ||und||
100 _aJohn Kassotis
245 4 _aThe Role of the Clinical Cardiac Electrophysiologist in the Management of Congestive Heart Failure
546 _aEnglish[eng]
650 _aMedicine||Cardiology and Cardiovascular Medicine||Clinical Cardiac Electrophysiology||Health Sciences
856 _uhttps://www.intechopen.com/books/the-role-of-the-clinical-cardiac-electrophysiologist-in-the-management-of-congestive-heart-failure
942 _cEB
999 _c32633
_d32633